000 00448nam a2200181Ia 4500
001 13819
005 20260306164829.0
008 260306t2006||||xx |||||||||||||| ||spa||
041 _aESP
082 _a005.369UML
_bB67
100 _aBooch, Grady
_eAUT
245 0 _aEl lenguaje unificado de modelado:
_bguía del usuario
260 _c2006
300 _a527 páginas :
_c25 cm.
650 _aGEN
654 _aCCC
942 _cLIB
_dJUS
_fJUS
_2ddc
_n
999 _c13819
_d13819